Catalog

Record Details

Catalog Search



The lie about the truck : Survivor, reality TV, ... Read More

Tisdale, Sallie,(author.).

Available copies

  • 1 of 1 copy available at LARL/NWRL Consortium.
  • 1 of 1 copy available at Northwest Regional Library. (Show)

Current holds

0 current holds with 1 total copy.

Show Only Available Copies
Location Call Number / Copy Notes Barcode Shelving Location Status Due Date
Godel Memorial-Warren Library 791.4572 TIS (Text) 35500006519894 Main Available -

Record details

  • ISBN: 9781982175894
  • ISBN: 1982175893
  • Physical Description: 254 pages ; 24 cm
  • Edition: First Gallery Books hardcover edition.
  • Publisher: New York : Gallery Books, 2021.

Content descriptions

Bibliography, etc. Note:
Includes bibliographical references.
Summary, etc.:
"In a world of fake news and rampant conspiracy ... Read More
Subject: Survivor (Television program)
Reality television programs.
Truth.
Genre: Television criticism and reviews.
LDR 01819cam a22003738i 4500
001378478
003LARL_NWRL_CONSORTIUM
00520211028194740.0
008210527s2021 nyu e b 000 0 eng
010 . ‡a2021019944
020 . ‡a9781982175894 ‡q(hardcover)
020 . ‡a1982175893 ‡q(hardcover)
035 . ‡a(OCoLC)1236259719
040 . ‡aDLC ‡beng ‡erda ‡cDLC ‡dOCLCO ‡dOCLCF ‡dWIM ‡dGL4 ‡dOCO ‡dGZD
042 . ‡apcc
08200. ‡a791.45/72 ‡223
1001 . ‡aTisdale, Sallie, ‡eauthor.
24514. ‡aThe lie about the truck : ‡bSurvivor, reality TV, and the endless gaze / ‡cSallie Tisdale.
250 . ‡aFirst Gallery Books hardcover edition.
264 1. ‡aNew York : ‡bGallery Books, ‡c2021.
300 . ‡a254 pages ; ‡c24 cm
336 . ‡atext ‡btxt ‡2rdacontent
337 . ‡aunmediated ‡bn ‡2rdamedia
338 . ‡avolume ‡bnc ‡2rdacarrier
504 . ‡aIncludes bibliographical references.
520 . ‡a"In a world of fake news and rampant conspiracy theories, the nature of truth has increasingly blurry borders. In this clever and timely cultural commentary, award-winning author Sallie Tisdale tackles this issue by framing it in a familiar way-reality TV, particularly the long-running CBS show Survivor. With humor and in-depth superfan analysis, Tisdale explores the distinction between suspended disbelief and true authenticity both in how we watch shows like Survivor, and in how we perceive the world around us."-- ‡cProvided by publisher.
63000. ‡aSurvivor (Television program)
650 0. ‡aReality television programs. ‡0(LARL_NWRL_CONSORTIUM)40438
650 0. ‡aTruth. ‡0(LARL_NWRL_CONSORTIUM)33108
655 7. ‡aTelevision criticism and reviews. ‡2lcgft
901 . ‡a378478 ‡b ‡c378478 ‡tbiblio

Additional Resources